DATABASE CONCEPTS. (Record no. 216776)

MARC details
000 -LEADER
fixed length control field 00537nam a22001817a 4500
008 - FIXED-LENGTH DATA ELEMENTS--GENERAL INFORMATION
fixed length control field 260304b |||||||| |||| 00| 0 eng d
020 ## - INTERNATIONAL STANDARD BOOK NUMBER
International Standard Book Number 978-0-1346-0153-3
050 ## - LIBRARY OF CONGRESS CALL NUMBER
Classification number QA 76.9 .D3 K76 2017
100 ## - MAIN ENTRY--PERSONAL NAME
Personal name KROENKE, DAVID M.
245 ## - TITLE STATEMENT
Title DATABASE CONCEPTS.
260 ## - PUBLICATION, DISTRIBUTION, ETC.
Place of publication, distribution, etc. HOBOKEN. NEW JERSEY,
Name of publisher, distributor, etc. PEARSON EDUCATION,
Date of publication, distribution, etc. 2017.
300 ## - PHYSICAL DESCRIPTION
Extent xvi, 560P, ILL
500 ## - GENERAL NOTE
General note INCLUDES GLOSSARY AND INDEX
650 ## - SUBJECT ADDED ENTRY
Topical term or geographic name entry element DATABASE MANAGEMENT
700 ## - ADDED ENTRY--PERSONAL NAME
Personal name AUER, DAVID J. VANDENBERG, SCOTT L
942 ## - ADDED ENTRY ELEMENTS (KOHA)
Source of classification or shelving scheme Library of Congress Classification
Koha item type Long Loan Book
Holdings
Withdrawn status Lost status Source of classification or shelving scheme Damaged status Not for loan Collection Home library Current library Shelving location Date acquired Inventory number Total checkouts Full call number Barcode Date last seen Copy number Price effective from Koha item type
    Library of Congress Classification     Science & Technology Kisii University Library Kisii University Library On Display 03/04/2026 112124   QA 76.9 .D3 K76 2017 A000969 03/04/2026 1 03/04/2026 Long Loan Book
    Library of Congress Classification     Science & Technology Kisii University Library Kisii University Library On Display 03/04/2026 112125   QA 76.9 .D3 K76 2017 A000972 03/04/2026 2 03/04/2026 Long Loan Book
    Library of Congress Classification     Science & Technology Kisii University Library Kisii University Library On Display 03/04/2026 112126   QA 76.9 .D3 K76 2017 A000971 03/04/2026 3 03/04/2026 Long Loan Book